000 00809cab a22002295a 4500
001 L159987
008 150113e2016 xxk 000 0 eng d
035 _a(Sirsi) u159987
041 0 _aeng
050 _a368.5 $2 18
100 1 _aVigus, Emma
245 0 0 _aLaying claim to a change
_h[electronic resource]
260 _aLondon
_bRICS
_c2016
490 _aRICS Building Surveying Journal
_vOctober 2016 - November 2016, 20(1)
520 _aComments on the changing nature of claims against the surveying profession.
650 2 4 _aNEGLIGENCE CLAIMS
650 2 4 _aCLAIMS
650 2 4 _aPROFESSIONAL INDEMNITY INSURANCE
690 _aInsurance
_96249
856 4 0 _uhttps://www.rics.org/Global/BSJ-BCJ%20Oct%20Nov%202016%20Interactive.pdf
_zView the article free of charge at www.rics.org...
942 _n0
999 _c85104
_d85104